Understanding IAS 7 : (Record no. 7111)

MARC details
000 -LEADER
fixed length control field 00651nam a22001937a 4500
003 - CONTROL NUMBER IDENTIFIER
control field OSt
005 - DATE AND TIME OF LATEST TRANSACTION
control field 20251216053152.0
008 - FIXED-LENGTH DATA ELEMENTS--GENERAL INFORMATION
fixed length control field 251216b |||||||| |||| 00| 0 eng d
020 ## - INTERNATIONAL STANDARD BOOK NUMBER
International Standard Book Number 1-84140-411-X.
040 ## - CATALOGING SOURCE
Original cataloging agency DWCL-Admin lib
Transcribing agency OC
082 ## - DEWEY DECIMAL CLASSIFICATION NUMBER
Classification number Circ. 657.3 P946u 2003
110 ## - MAIN ENTRY--CORPORATE NAME
Corporate name or jurisdiction name as entry element Pricewaterhousecoopers LLP's UK Accounting Teachnical Department
245 ## - TITLE STATEMENT
Title Understanding IAS 7 :
Remainder of title cash flow statements /
Statement of responsibility, etc. Pricewaterhousecoopers LLP's UK Accounting Teachnical Department
260 ## - PUBLICATION, DISTRIBUTION, ETC.
Place of publication, distribution, etc. London :
Name of publisher, distributor, etc. CCH,
Date of publication, distribution, etc. c2003.
300 ## - PHYSICAL DESCRIPTION
Extent iii, 141 p. ;
Dimensions 21 cm.
504 ## - BIBLIOGRAPHY, ETC. NOTE
Bibliography, etc. note include index.<br/>
650 ## - SUBJECT ADDED ENTRY--TOPICAL TERM
Topical term or geographic name entry element 1. Accounting.
942 ## - ADDED ENTRY ELEMENTS (KOHA)
Source of classification or shelving scheme Dewey Decimal Classification
Koha item type Book Circulation
Call number prefix Circ.
Suppress in OPAC No
952 ## - LOCATION AND ITEM INFORMATION (KOHA)
--
Holdings
Withdrawn status Lost status Source of classification or shelving scheme Damaged status Not for loan Home library Current library Shelving location Date acquired Source of acquisition Cost, normal purchase price Total Checkouts Full call number Barcode Date last seen Copy number Price effective from Koha item type Uniform Resource Identifier
    Dewey Decimal Classification     College Library College Library Circulation 06/07/2007 Donation 0.00   Circ. 657.3 P946u 2003 44754 12/16/2025 c1 12/16/2025 BK-CIRC